April Fools - Sudden Death (Countries) - Statistics

General Stats
  • This quiz has been taken 26 times
  • The average score is 6 of 8
Answers on the Grid
Answers color-coded by a green-red scale on the quiz's grid according to % correct below.
Yugoslavia
Georgia
Canada
Polynesia
Palau
Easter Island
Antarctica
The Ottomans
Germany
Scotland
Italy
Nepal
Tibet
South Africa
Atlantis
United States
 
Answer Stats
Answer % Correct
Yugoslavia
100%
Atlantis
71%
Easter Island
71%
Polynesia
71%
The Ottomans
71%
Tibet
71%
Antarctica
57%
Scotland
57%
No matching quizzes found
Score Distribution
Percent of People with Each Score
Percentile by Number Answered
Your Score History
You have not taken this quiz